000 00444pab a2200169 454500
008 180718b2010 xxu||||| |||| 00| 0 eng d
100 _aChandra, Alok
245 _aPredictors of occupational stress: An exploratory study
260 _c2010
300 _ap.300-312.
362 _aOct
650 _aOccupational diseases
700 _aSharma, Baldev R.
773 _aIndian Journal of Industrial Relations
908 _aN
909 _a90110
999 _c90110
_d90110